000 00239nam a2200097Ia 4500
001 736428
005 20250826163912.0
008 250824s9999 xx 000 0 und d
245 0 _aİKİZ GEZGİNLER
_cBETÜL AVUNÇ
260 _bTUDEM YAYINLARI
999 _c736428
_d736428